| 000 | 03498nam a2200469 a 4500 | ||
|---|---|---|---|
| 003 | CHAP | ||
| 005 | 20240814085210.0 | ||
| 007 | cr ||||||a|c|a | ||
| 008 | 101020s2010 mx r 00010 spa d | ||
| 035 | _a111142 | ||
| 040 | _cCHAP | ||
| 090 | _aTesis | ||
| 100 | 1 |
_aAzcona Cózar, Diana Elizabeth. _99102 |
|
| 245 | 1 | 0 |
_aProyecto para el establecimiento de una planta embutidora en el municipio de San Felipe Orizatlán, Hidalgo _c/por Diana Lizbeth Azcona Cózar; director de tesis Pedro Ponce Hernández |
| 264 | 1 |
_aChapingo, Méx. : _bEl autor, _c2010. |
|
| 300 |
_a1 recurso en línea (99 páginas): _bIlustraciones,cuadros, gráficas |
||
| 336 |
_2rdacontent _atexto _btxt |
||
| 337 |
_2rdamedia _acomputadora _bc |
||
| 338 |
_2rdacarrier _arecurso en línea _bcr |
||
| 502 |
_bIA _cAgroindustrias _d2010 _gLIC |
||
| 520 | _aEl presente proyecto analiza un conjunto de parámetros técnicos, económicos y sociales para determinar la rentabilidad, viabilidad y riesgo de establecer una planta embutidora en el Municipio de San Felipe Orizatlán, Hidalgo. Con este objetivo se procedió a ejecutar un estudio de mercado, disponibilidad de materia prima, inversión necesaria y organización social. En la metodología empleada, primeramente, se aplicaron encuestas a la población objetivo para obtener la demanda de los productos cárnicos, se establecieron los canales de comercialización, estrategias de mercado, la capacidad de maquinaria y equipo, abasto de materia prima, mano de obra y materiales auxiliares necesarios. Sé calculó la inversión total del proyecto, el capital de trabajo, ingresos, depreciaciones y amortizaciones. También se realizó un programa de inversiones. Para obtener la rentabilidad del proyecto se obtuvieron indicadores económicos como, la Tasa Interna de Retorno (TIR) y el Valor Actual Neto (VAN), Relación Beneficio-Costo (B/C), Tasa de Rentabilidad Mínima Aceptable (TREMA) y finalmente se ejecutó un análisis de sensibilidad con la finalidad de percibir como se comportará la rentabilidad del proyecto bajo esas nuevas circunstancias. De acuerdo al análisis técnico y económico del proyecto, se estableció una capacidad de producción de 71 kg por día de carne a procesar, con una inversión total de $400,906.06 para el establecimiento de la planta, un VAN de $3,334,448.03, TIR de 66%, una TREMA de 19% y una relación B/C de 1.34. El análisis de sensibilidad reflejó que no hay efectos negativos en las variables consideradas al modificar los valores de -15% hasta 15%, con los indicadores obtenidos se concluyó que el proyecto es viable. | ||
| 590 |
_aALEPH _b10 _c20130110 |
||
| 590 |
_aBATCH-UPD _b10 _c20130110 |
||
| 590 |
_aBATCH-UPD _b10 _c20130410 |
||
| 590 |
_aBATCH-UPD _b10 _c20130914 |
||
| 590 |
_aBATCH-UPD _b10 _c20140324 |
||
| 590 |
_aBATCH-UPD _b10 _c20141002 |
||
| 590 |
_aBATCH _b00 _c20181121 |
||
| 590 |
_aCONVERSION _b10 _c20130109 |
||
| 650 | 0 | 4 |
_aAlimentos _xConservación. _94179 |
| 650 | 0 | 4 |
_aAlimentos _xEmpaque. _94216 |
| 650 | 0 | 4 |
_aAlimentos _xProcesado. _94267 |
| 650 | 0 | 4 |
_aEmbutidos. _936500 |
| 700 | 0 |
_aPonce Hernández, Pedro _990789 _eDirector de tesis |
|
| 856 |
_uhttp://10.13.5.2/tesis/111142.pdf _zDESCARGAR PDF |
||
| 901 | _aBK | ||
| 942 |
_cTD _2Clasificación Universidad Autónoma Chapingo |
||
| 949 |
_bBC _cTES _d33724002211587 _eTS1 _gDonaciØn _h51177 _i111142 _sb |
||
| 949 |
_bBC _cTES _d33724002211629 _eTS2 _fc.2 _gDonaciØn _h51178 _i111142 _sb |
||
| 999 |
_c99484 _d99484 |
||